00921nam a2200277 u 45000010006000000050017000060080041000230200018000640350010000820350021000920400013001130410008001260820008001341000042001422450051001842600043002353000018002784900042002966500040003386500035003786500037004137000040004509420009004909990017004999520127005166579320260504074244.0960313s1990 spa  a9788420626499 a65793 a(OCoLC)778189867 ccomduadb aspa 4a53010aWeisskopf, Victor F4auteaut924415113aLa física en el siglo XX : ensayos escogidos aBarcelona :bAlianza Editorial,c1990. a347 páginas0 aAlianza Universidad : Ciencias ;v649 aFisica - Historia - Siglo XX963506 aFísica - Filosofía9218030 7aFísicaxHistoria2lemb913692010aVollandt, Sibylle4trletrl9816291 cBOOK c35571d35571 001040708GENaBCbBCd1997-09-03iC106798l0o530.09049 W433fp61000001753900r2023-04-20 00:00:00t1w2023-04-20yBOOK